000 00621nam a2200229Ia 4500
003 OSt
005 20250719151218.0
008 210423s2005 xx 000 0 und d
020 _a978-0-534-63338-2
040 _cAL
041 _aEnglish
082 _a070.43
_bRICM
100 _aCarole Rich
_9103818
245 _aWriting and reporting news
_b: a coaching method
260 _aAmerica
_bThomson
_c2005
300 _axvi,569
_bPB
365 _b5819.77
_cUSD
650 _aJournalism
_9103819
650 _aReporting
_9103820
906 _acoaching ; Ed ; method ; news: ; reporting ; Writing
942 _2ddc
_cBK
999 _c166101
_d166101